Caminos del Premio Esquío (1981-1992) (Record no. 169915)

MARC details
000 -LEADER
campo de control de longitud fija 00779nam a2200229 i 4500
001 - NÚMERO DE CONTROL
campo de control 169915
003 - IDENTIFICADOR DE NÚMERO DE CONTROL
campo de control ES-MaACL
005 - FECHA Y HORA DE LA ÚLTIMA TRANSACCIÓN
campo de control 20240424100020.0
008 - DATOS DE LONGITUD FIJA--INFORMACIÓN GENERAL
campo de control de longitud fija 081217s1993 sp |||| | spa d
080 ## - NÚMERO DE LA CLASIFICACIÓN DECIMAL UNIVERSAL
Número de la Clasificación Decimal Universal 821.134.2-14
080 ## - NÚMERO DE LA CLASIFICACIÓN DECIMAL UNIVERSAL
Número de la Clasificación Decimal Universal 821.134.4-14
245 00 - MENCIÓN DEL TÍTULO
Título Caminos del Premio Esquío (1981-1992)
Resto del título : poetas en lengua castellana.
246 1# - FORMA VARIANTE DEL TITULO
Título propio/Titulo breve Vieiros do Premio Esquío (1981-1992)
Resto del título : poetas en lingua galega
260 ## - PUBLICACIÓN, DISTRIBUCIÓN, ETC.
Lugar de publicación, distribución, etc. [La Coruña] :
Nombre del editor, distribuidor, etc. Fundación Caixa Galicia,
Fecha de publicación, distribución, etc. [1993]
300 ## - DESCRIPCIÓN FÍSICA
Extensión [14] p., [14] p. ;
Dimensiones 21 cm.
546 ## - NOTA DE IDIOMA
Nota de lengua/lenguaje Poemas en castellano y gallego.
650 #4 - PUNTO DE ACCESO ADICIONAL DE MATERIA--TÉRMINO DE MATERIA
Término de materia o nombre geográfico como elemento de entrada Poesías españolas-
Subdivisión cronológica S.XX.
9 (RLIN) 16221
650 #4 - PUNTO DE ACCESO ADICIONAL DE MATERIA--TÉRMINO DE MATERIA
Término de materia o nombre geográfico como elemento de entrada Poesía gallega-
Subdivisión cronológica S.XX
9 (RLIN) 16226
710 2# - ENTRADA AGREGADA--NOMBRE DE ENTIDAD CORPORATIVA
Nombre de entidad corporativa o nombre de jurisdicción como elemento de entrada Fundación Caixa Galicia.
9 (RLIN) 4235
852 ## - LOCALIZACIÓN
Ubicación ES-MaACL
Número de control de estantería 2244-F-18
Holdings
Estatus retirado Estado de pérdida Estado de daño No para préstamo Colección Biblioteca de origen Biblioteca actual Ubicación en estantería Fecha de adquisición Fuente de adquisición Total de préstamos Signatura topográfica completa Código de barras Visto por última vez Precio de reemplazo Tipo de ítem Koha
        Colección de folletos Biblioteca del Ateneo de Madrid Biblioteca del Ateneo de Madrid Depósito folletos 17/12/2008     2244-F-18 1178391 23/02/2023 23/02/2023 Folleto